| 000 | 01214nab a2200229 i 4500 | ||
|---|---|---|---|
| 001 | 768714001 | ||
| 003 | CO-MdFUSB | ||
| 005 | 20240801145437.0 | ||
| 008 | 240801t1992 -us||||| |||| 00| 0 eng d | ||
| 040 |
_bspa _cCO-MdFUSB _dCO-MdFUSB |
||
| 041 | _aeng | ||
| 100 |
_aKwok, Pui-lan, _eautor |
||
| 245 | 1 |
_aClaiming our heritage : _bchinese women and christianity _c/ Kwok Pui-Lan |
|
| 520 | _aLa historia del cristianismo protestante en China ha sido interpretada en gran medida desde la perspectiva misionera como se menciona en este artículo, pero la historia de las mujeres chinas en el cristianismo rara vez ha sido objeto de un estudio académico serio, ya que según un informe nacional de 1922 las mujeres constituían el 37 por ciento de los comulgantes protestantes. | ||
| 546 | _aTexto en inglés. | ||
| 650 | 0 |
_aMisiones _9154 |
|
| 650 | 0 |
_aMujeres _xAspectos religiosos _xCristianismo _9326 |
|
| 650 | 7 |
_aAntropología cultural y social _96714 |
|
| 773 | 0 |
_049483 _982865 _oR2729 _tInternational Bulletinof Missionary Research _w(CO-MdFUSB)768714001 _x0272-6122 _gVolumen 16, (número 4, 1992), páginas: 150 - 154 _qpágina: 150 |
|
| 942 | _cANA | ||
| 945 | _aCatherine Arias Álvarez - Practicante SENA | ||
| 999 |
_c70699 _d70699 |
||